Rusia y la Europa de postguerra

Uloženo v:
Podrobná bibliografie
Hlavní autor: Dallin, David J (Autor)
Médium: Kniha
Jazyk:španělština
Vydáno: Buenos Aires Ayacucho 1946
Témata:
Tagy: Přidat tag
Žádné tagy, Buďte první, kdo vytvoří štítek k tomuto záznamu!

MARC

LEADER 00000nam a2200000 a 4500
001 UCP6942
003 CL-VaPUC
008 991126e19460000AG |||||||||||||||||spa|d
082 0 4 |a 327.47  |b DAL  |2 21 
100 0 |a Dallin, David J  |e author  |9 436271 
245 1 0 |a Rusia y la Europa de postguerra 
300 |a 266 p 
942 |c BK 
945 |d 19991126 00:00:00  |a crobeson 
260 |a Buenos Aires  |b Ayacucho  |c 1946 
650 0 |a Relaciones Internacionales  |9 255740 
650 0 |a Política exterior   |9 316628 
650 7 |a POST GUERRA  |2 CL-VaPUC  |9 409509 
650 7 |a NACIONALISMO  |2 CL-VaPUC  |9 436272 
650 0 |a Ideologías  |9 255200 
651 0 |a Rusia   |9 256106 
583 |a last modification  |c 19991126 00:00:00  |k Rodrigo Vera 
999 |c 284316  |d 284314 
952 |0 0  |1 0  |4 0  |6 327_470000000000000_DAL_1946  |7 0  |8 X  |9 328201  |a BIBHIS  |b BIBHIS  |d 2019-11-20  |i 1371657  |o 327.47 DAL 1946  |p 1371657  |r 2024-01-30  |w 2019-11-20  |y BK_X  |k HIS